01227nam a2200217 a 450000100060000000300090000600800410001502000150005604000280007108200130009910000200011224500370013226000280016930000110019750505550020859000470076365000240081094200120083499900150084695201480086119446CO-ViMGA141112s2004 ck r 000 u spa d a9681834240 aCO-ViMGAbspacCO-ViMGA04a690 B1451 aBailey, 92800510aCurso Básico de Construcción aMexico : bLimusa; 2002 a3 Vol. aVol. 1 : Trazo y nivelación del terreno Excavación y ademado Concreto Cimentaciones para muros y pilares Ladrillos Morteros Subestructuras Herramientas de albañilería Vol. 2 : Pisos sólidos construidos sobre el terreno Enlaces o trabazón de la albañileria Construcción de muros Puentes sobre las aberturas Pilastras esquinas oblicuas Tabiques de separación Chimeneas domesticas Vol. 3 : Revestimiento Características decorativas y funcionales Albañileria reforzada Construcción de escalones Drenajes Andamiajes Pavimentación aForma de adquisición : Premio Mincultura14aCONSTRUCCION952240 2ddccBK c3432d3432 01102ddc44708002aMEVIECARbMEVIECARd2015-12-04hVolumen. 1 | 11/jun/2009l0o690 B145 p19446r2015-12-04 00:00:00tEj. 1w2015-12-04yBK